000 00354nam a2200121Ia 4500
008 220204s9999 xx 000 0 und d
020 _a0881925851
082 _a582.4(213)
_bLLA
100 _aLLams, Kirsten Albrecht
245 0 _aTropical flowering plants: A guide to identification and cultivation
260 _aOregon
_bTimber Press
_c2003
942 _cBK
999 _c42658
_d42658